=LDR 00000nam 2200000 4500 =001 INLIS000000000036904 =005 20260121024125 =035 ##$$a 0010-061300000036904 =008 260121################j##########0#ind## =041 ##$$a Ind =082 ##$$a 028.5 =090 ##$$a 028.5, Edw t =100 ##$$a Edwakos, Dorothy =245 1#$$a Teman-teman adikku yang nakal /$c Dorothy Edward,Caecilia Dian Pratiwi =260 ##$$a Jakarta :$b Gramedia Pustaka Utama,$c 2011 =300 ##$$a 155 hlm, : $b ilus, ; $c 21 cm =650 #4$$a Bacaan kanak-kanak =700 #$$a Pratiwi, Caecilia Dian =850 ##$$a NBPNMAT =020 ##$$a 978-979-22-6768-6 =084 ##$$a 028.5 EDW t =990 ##$$a 21102341